Atlas de Hematologia / (Registro nro. 7338)

Detalles MARC
000 -LEADER
fixed length control field 01052nam a2200289 4500
001 - CONTROL NUMBER
control field 0000015761
005 - DATE AND TIME OF LATEST TRANSACTION
control field 20250329172018.0
007 - PHYSICAL DESCRIPTION FIXED FIELD--GENERAL INFORMATION
fixed length control field ta
008 - FIXED-LENGTH DATA ELEMENTS--GENERAL INFORMATION
fixed length control field 160627s2001 000 0 eng d
020 ## - INTERNATIONAL STANDARD BOOK NUMBER
International Standard Book Number 8485320883
040 ## - CATALOGING SOURCE
Original cataloging agency CO-CtgCURN
Language of cataloging spa
Transcribing agency coctgcurn
082 0# - DEWEY DECIMAL CLASSIFICATION NUMBER
Classification number R616.15
Item number M12a
100 1# - MAIN ENTRY--PERSONAL NAME
Personal name McDonald, George A.
245 10 - TITLE STATEMENT
Title Atlas de Hematologia /
Statement of responsibility, etc. George A. McDonald , J. Paul, Bruce Cruickshank.
250 ## - EDITION STATEMENT
Edition statement 5a ed.
260 #1 - PUBLICATION, DISTRIBUTION, ETC.
Place of publication, distribution, etc. Madrid : :
Name of publisher, distributor, etc. Panamericana,,
Date of publication, distribution, etc. 2001.
300 ## - PHYSICAL DESCRIPTION
Extent 277 p.
500 ## - GENERAL NOTE
General note Incluye indice.
505 8# - FORMATTED CONTENTS NOTE
Formatted contents note Desarrollo de las celulas sanguineas.--Valores hematologicos normales.--Serie eritrocitica.--Serie leucocitica.--Serie megacariocitica.--Parasitos sanguineos
650 14 - SUBJECT ADDED ENTRY--TOPICAL TERM
Topical term or geographic name entry element Hematologia
General subdivision Investigaciones.
700 1# - ADDED ENTRY--PERSONAL NAME
Personal name Paul, J.
908 ## - PUT COMMAND PARAMETER (RLIN)
Put command parameter 160627
942 ## - ADDED ENTRY ELEMENTS (KOHA)
Koha item type Diccionarios
Classification part R616.15
Item part M12a
Existencias
Withdrawn status Lost status Source of classification or shelving scheme Damaged status Not for loan Collection Home library Current library Shelving location Date acquired Inventory number Total checkouts Full call number Barcode Date last seen Copy number Price effective from Koha item type Public note
    Dewey Decimal Classification     Referencia Miguel Henríquez Emiliani Miguel Henríquez Emiliani Referencia 06/22/2017 000798   R616.15 M12a 000798 03/29/2025 ej.1 03/29/2025 Diccionarios 610-CIENME
    Dewey Decimal Classification     Referencia Miguel Henríquez Emiliani Miguel Henríquez Emiliani Referencia 06/22/2017 000799   R616.15 M12a 000799 03/29/2025 ej.2 03/29/2025 Diccionarios 610-CIENME
    Dewey Decimal Classification     Referencia Miguel Henríquez Emiliani Miguel Henríquez Emiliani Referencia 06/22/2017 000800   R616.15 M12a 000800 03/29/2025 ej.3 03/29/2025 Diccionarios 610-CIENME